000 01147aab a2200193 i 4500
001 768714001
003 CO-MdFUSB
005 20240422100131.0
008 240416t1982 ag ||||| |||| 00| 0 spa d
040 _bspa
_cCO-MdFUSB
041 _aspa
100 1 _aBreneman, Mervin (1930-)
_eautor
245 _aGénesis 4-11 y la teología bíblica de la misión
_c/ Mervin Breneman
300 _aVolumen 1, número 3, (octubre - diciembre, 1982), páginas: 27 - 28
_c; 27 cm
520 _aLa misión de la iglesia no se basa en textos aislados sino en enseñanzas que corren a través de toda la Biblia. Génesis 4-11 no pretende contar toda la historia de la caída hasta Abraham; más bien, es una síntesis muy esquemática de un largo período. (Por ejemplo, sabemos que hubo aldeas por lo menos cincuenta siglos antes de Abraham, y escritura quince siglos antes que él.) Es un escrito teológico que nos ayuda a contestar algunas de las preguntas que surgen.
650 0 _aBiblia
_bPentateuco
_931
773 0 _tIglesia y Misión
_049402
_959626
_gVolumen 1, número 3, (octubre - diciembre, 1982), páginas: 27 - 28
_qpágina: 27
942 _cANA
999 _c51303
_d51303